000 00268nam a2200085Ia 4500
245 0 _aCooking the South African way : [200 traditional recipes]
100 _a Van Wyk, Magdaleen Cape Town, 1986
_9112672
942 _cBK
008 210825s9999 xx 000 0 und d
999 _c518532
_d518532